|
|
|
|
| LEADER |
00000nab a2200000 a 4500 |
| 001 |
vtls001018782 |
| 003 |
SK-MaSNL |
| 005 |
20260303035510.0 |
| 008 |
040720e19940308xo 0 slo |
| 035 |
|
|
|a SN4721
|
| 040 |
|
|
|a SNSK
|b slo
|c SNSK
|e AACR2
|
| 041 |
0 |
|
|a slo
|
| 044 |
|
|
|a xo
|c SK
|
| 080 |
|
|
|a 687
|2 1981
|
| 100 |
1 |
|
|a Bobriková, Zuzana
|4 aut
|9 340855
|
| 245 |
1 |
0 |
|a Filozofia: poriadok, presnosť, kvalita
|b Overallu aj v špičkovom nemeckom katalógu
|
| 610 |
2 |
7 |
|a Overall Slovakia, Spišská Nová Ves
|2 SNSK
|9 1021374
|
| 650 |
0 |
7 |
|a firmy slovensko-nemecké
|2 SNSK
|9 1022316
|
| 650 |
0 |
7 |
|a odevy pracovné
|2 SNSK
|9 1019961
|
| 650 |
0 |
7 |
|a šitie
|2 SNSK
|9 3098
|
| 651 |
|
7 |
|a Spišská Nová Ves (Slovensko)
|2 SNSK
|9 28800
|
| 651 |
|
7 |
|a SN,
|2 SNSK
|9 1021277
|
| 655 |
|
7 |
|a periodikum
|2 snkbucl
|9 29553
|
| 710 |
2 |
|
|a Overall Slovakia, Spišská Nová Ves
|4 aut
|9 1021374
|
| 773 |
0 |
8 |
|t Pravda
|g Roč. 4, č.55, 8.3.1994, s. 5
|
| 852 |
|
|
|a ZVYKNI
|b KIS3GCP
|
| 999 |
|
|
|c 1677832
|d 1679762
|